Προπόνηση ποδοσφαίρου στην κατηρογία παίδων

Αποθηκεύτηκε σε:
Λεπτομέρειες βιβλιογραφικής εγγραφής
Άλλοι συγγραφείς: Eissmann, Hans-Joerg, Koch, Wolfgang (Επιμελητής έκδοσης), Krauspe, Detlef (Επιμελητής έκδοσης), Τώνης, Νικίας (Μεταφραστής), Δράμπης, Κωνσταντίνος (Επιμελητής έκδοσης)
Μορφή: Βιβλίο
Γλώσσα:Greek
German
Δημοσίευση: Θεσσαλονίκη : Salto, 1996.
Θέματα:
Ετικέτες: Προσθήκη ετικέτας
Δεν υπάρχουν, Καταχωρήστε ετικέτα πρώτοι!

MARC

LEADER 00000cam a2200000 i 4500
001 1/5892
008 000609s1996 gr ||| |||| ||gre||
020 |a 9602780665 
035 |l 10061743 
040 |a GR-MyUa  |b gre  |e AACR2  
041 1 |a gre  |h ger 
082 7 |a 796.334   |2 (22)  
245 0 0 |a Προπόνηση ποδοσφαίρου στην κατηρογία παίδων /   |c Hans - Joerg Eissmann ... [et al] ; γενική επιμέλεια: Wolfgang Koch, Detlef Krauspe ; επιστημονική επιμέλεια για την ελληνική έκδοση: Κωνσταντίνος Δράμπης ; μετάφραση: Νικίας Τώνης.  
260 |a Θεσσαλονίκη :   |b Salto,   |c 1996. 
300 |a 133 σ. :   |b εικ. ;   |c 28 εκ.  
500 |a Τίτλος πρωτοτύπου: Trainingsprogramme fuer die C-Jugend.  
650 0 |a Soccer for children. 
650 0 |a Soccer  |x Training. 
700 1 |a Eissmann, Hans-Joerg. 
700 1 |a Koch, Wolfgang,  |e edt 
700 1 |a Krauspe, Detlef,  |e edt 
700 1 |a Τώνης, Νικίας,  |e trl 
700 1 |a Δράμπης, Κωνσταντίνος,  |e edt 
852 |a INST  |b RHODES  |e 20000609  |h 796.334 ΠΡΟ  |p 005400017659  |q 005400017659  |t BK  |y 0 
901 |a BIBL4-2000-2 
922 |a 4ΕΛΗ  |b 199912  |c ΜΙΚΙΟΖΟΣ  |d EMVASIS 
970 |a Χοροζίδου  |b Τζένη   |z 2000/06/09